| 000 | 02135cam a22003251i 4500 | ||
|---|---|---|---|
| 003 | SA-RiAUC | ||
| 005 | 20250109052911.0 | ||
| 008 | 250109s2004 ts f 00010 ara c | ||
| 040 |
_aCSAD _bara _cSA-RiAUC. _erda |
||
| 082 | 0 | 4 |
_a251 _qSA-RiAUC |
| 090 |
_a251 _bت ق ي |
||
| 100 | 1 |
_aتقي الدين السبكي، علي بن عبد الكافي بن علي، _d683-756 هجري _eمؤلف. |
|
| 245 | 1 | 2 |
_aالإبهاج في شرح المنهاج على منهاج الوصول إلى علم الأصول للقاضي البيضاوي / _cتأليف علي بن عبد الكافي السبكي، تاج الدين عبد الوهاب بن علي السبكي ؛ دراسة وتحقيق أحمد جمال الزمزمي، نور الدين عبد الجبار صغيري. |
| 250 | _aالطبعة الأولى. | ||
| 264 | 1 |
_aدبي، الإمارات العربية المتحدة : _bدار البحوث للدراسات الإسلامية وإحياء التراث، _c2004 |
|
| 300 |
_a7 مجلد ؛ _c24 سم. |
||
| 336 |
_aنص _btxt _2rdacontent _3كتاب |
||
| 337 |
_aبدون وسيط _bn _2rdamedia |
||
| 338 |
_aمجلد _bnc _2rdacarrier |
||
| 490 | 0 |
_aسلسلة الدراسات الأصولية ؛ _v17 |
|
| 500 | _aالأصل أطروحة (دكتوراه) | ||
| 650 | 7 |
_aأصول الفقه الإسلامي _2aucsh |
|
| 700 | 1 |
_aتاج الدين السبكي، عبد الوهاب بن علي بن عبد الكافي، _d727-771 هجري _eمؤلف. |
|
| 700 | 1 |
_aالزمزمي، أحمد يوسف بن جمال _eمحقق. |
|
| 700 | 1 |
_aصغيري، نور الدين _eمحقق. |
|
| 700 | 1 | 2 |
_iشرح لـ (عمل) : _aالبيضاوي، عبد الله بن عمر بن محمد، _dتوفي 685 هجري. _tمنهاج الوصول إلى علم الأصول. |
| 700 | 1 | 2 |
_iتحقيق لـ (عمل) : _aتقي الدين السبكي، علي بن عبد الكافي بن علي، _d683-756 هجري. _tالإبهاج في شرح المنهاج على منهاج الوصول إلى علم الأصول للقاضي البيضاوي. |
| 942 |
_2ddc _cBOOK |
||
| 949 |
_aSA-JeALM _d250109 _ukhaled123 _n1 |
||
| 999 |
_c4517 _d4517 |
||